[Event "18th Prague Open-A 2019"]
[Site "Prague"]
[Date "2019.01.11"]
[Round "1"]
[White "Pribyl, Viktor"]
[Black "Vokac, Marek"]
[Result "0-1"]
[WhiteElo "2020"]
[BlackElo "2380"]
[Annotator "TA"]
[PlyCount "96"]
[EventDate "2019.01.11"]
[EventType "swiss"]
[EventCountry "CZE"]
[SourceTitle "playchess.com"]
[Source "ChessBase"]
[SourceQuality "1"]

{[%evp 13,96,12,11,0,8,-11,-9,-49,-53,-32,-28,-67,-84,-56,-72,-79,-67,-67,-60,-70,-57,-114,-46,-50,5,5,5,5,12,0,0,0,0,-50,-27,-20,-18,-20,111,95,129,62,90,75,97,79,79,79,103,0,160,72,79,79,78,78,78,85,146,67,175,-50,-59,-56,-19,-54,-42,-45,-45,-380,-370,-362,-337,-592,-69,-343,-314,-6289,-6544,-2676,-5193,-29988,-29989,-29991,-29990]} 1. d4 c5 2. c3 Qc7 (2... e6 3. Nf3 Nc6 4. a3 Nf6 5. Bf4 Qb6 6. Ra2 a5 7. e3 a4 8. Nbd2 d5 9. Bd3 Nh5 10. Be5 Nxe5 11. Nxe5 Nf6 {½-½ (19) Bryzgalin,K (2424)-Gutman,G (2476) Pardubice 2018}) 3. g3 Nf6 4. Bg2 d6 5. Nf3 g6 6. O-O {A43: Schmid Benoni} Bg7 7. dxc5 Qxc5 {LiveBook: 4 Games} 8. Be3 {The position is equal.} Qh5 $146 ({Predecessor:} 8... Qc7 9. Na3 Nc6 10. Nb5 {½-½ (59) Eiber,M (2206)-Ganaus,H (2254) Bayern 2005}) 9. Qa4+ Nc6 10. Nd4 O-O 11. Nxc6 bxc6 12. Qxc6 Ng4 {[%csl Gg4][%cal Rh5h2]} 13. h4 Nxe3 14. Qxa8 Nxf1 15. Bxf1 Qb5 16. b4 {[%cal Bb2b4,Bb4b5][%mdl 32]} Qb6 {[%mdl 1024] Black has compensation.} 17. Bg2 {[#]} (17. Qh1 $15) 17... Ba6 (17... d5 $1 $17 {[%mdl 512]} 18. Qxd5 Rd8) 18. Qe4 $15 {[#]} e6 ({Better is} 18... d5 $1 $15 {[%mdl 512]} 19. Qxe7 (19. Qxd5 Rd8) 19... d4) 19. a4 $11 d5 20. Qc2 Rc8 {aiming for ...Qxb4!} 21. b5 Bb7 22. Ra3 a6 23. e4 d4 {White must now prevent ...dxc3.} 24. c4 axb5 25. axb5 Bf8 (25... Qxb5 $11 {keeps the balance.} 26. cxb5 Rxc2) 26. Ra2 $16 Bb4 27. Kh2 (27. Qb3 $16 Bd6 28. Nd2) 27... Qc5 28. Ra4 e5 ({Don't blunder} 28... Qxc4 $2 29. Qxc4 Rxc4 30. Na3 $18) 29. Qb2 Be1 30. Qe2 $1 $36 {[%cal Re2e1][%mdl 2048] White is on the roll.} Bc3 31. Qc2 (31. Qd3 $16) 31... Rd8 $2 (31... Bb4 $11) 32. Qd3 (32. Nxc3 dxc3 33. Qxc3 Qxf2 $11) (32. Kg1 $142 $1) 32... Bb4 33. Na3 Qe7 34. Nc2 Bc5 35. Ne1 f5 (35... Bb4 $142 36. Nf3 Bc5) 36. Kg1 (36. Qe2 $1 $16) 36... Qf7 (36... Rf8 $14) 37. f3 $2 ({White should try} 37. Qe2 $18) 37... Qf6 38. Ra2 f4 39. g4 Qxh4 40. Kf1 $1 Qh2 41. Ra4 $2 {[%mdl 8192]} (41. Ke2 $15) 41... h5 $1 $19 42. gxh5 gxh5 {Hoping for ...h4.} 43. b6 $2 {[#]} (43. Ke2 h4 44. Kd1) 43... Qh4 $2 (43... h4 $1 $19 44. Ra5 h3 45. Bxh3 Bb4) 44. Ke2 $2 {[%mdl 8192]} (44. Ra2 $15) 44... Rd6 ({But not} 44... Bxb6 $2 {[#]} 45. c5 $1 $18 {[%mdl 512]}) 45. Qb3 $2 {[#]} (45. Ra1) 45... d3+ $1 {[%mdl 512]} 46. Nxd3 Qh2 47. Kd2 Qxg2+ 48. Kc3 Qxf3 {Precision: White = 33%, Black = 44%.} 0-1

[Event "18th Prague Open-A 2019"]
[Site "Prague"]
[Date "2019.01.11"]
[Round "1"]
[White "Czernek, Tymon"]
[Black "Gschnitzer, Adrian"]
[Result "1/2-1/2"]
[WhiteElo "2012"]
[BlackElo "2368"]
[Annotator "TA"]
[PlyCount "71"]
[EventDate "2019.01.11"]
[EventType "swiss"]
[EventCountry "CZE"]
[SourceTitle "playchess.com"]
[Source "ChessBase"]
[SourceQuality "1"]

{[%evp 18,71,0,0,53,49,50,34,53,30,86,76,81,55,21,42,21,24,106,92,102,91,132,126,144,123,159,177,507,286,284,267,279,153,153,0,0,0,147,153,241,0,0,0,0,2,73,73,73,0,0,0,0,0,0,0]} 1. e4 c5 2. Nf3 Nc6 3. d3 g6 4. g3 Bg7 5. Bg2 Nf6 6. O-O O-O 7. c3 d5 8. Nbd2 b6 9. Re1 dxe4 10. dxe4 {[%cal Bd3e4,Be4e5,Be5e6,Be6f7][%mdl 32] LiveBook: 39 Games} Nd7 {A08: King's Indian Attack} ({Better is} 10... e5 $11) (10... e5 11. Nc4 Qc7 12. Ne3 Bb7 13. Nd2 Rad8 14. Qc2 Ne7 15. a4 Ba6 16. b3 Bd3 17. Qa2 a5 18. Ba3 {1-0 (45) Chigaev,M (2559)-Natacheev,P (2296) Sochi 2017}) 11. e5 $14 {And now e6 would win.} Rb8 {[%cal Rd7e5]} 12. e6 Nde5 $1 {White is slightly better.} 13. exf7+ $1 Kh8 $146 (13... Nxf7 $11 14. Qa4 Bd7) 14. Ng5 {Threatens to win with Qa4.} h6 15. Bxc6 Nxc6 16. Ne6 $36 {[%mdl 2048] White has good play.} Bxe6 $1 17. Rxe6 {[%mdl 64] Double Attack} Qd7 (17... Ne5 $1 $11) 18. Qe2 $1 $16 (18. Rxg6 Ne5 $15) 18... Rxf7 19. Rxg6 Rbf8 20. f4 e5 21. Nf3 Re7 {[#] Black wants to play ...exf4.} 22. f5 $1 {[%mdl 512]} Rxf5 $2 (22... Qxf5 {is more resistant.} 23. Nh4 (23. Rxc6 Qxf3 24. Qxf3 Rxf3 $16) 23... Nd4 24. cxd4 exd4) 23. Bxh6 Bxh6 24. Rxh6+ Kg7 25. Rd1 (25. Rh4 $18) 25... Nd4 26. Nxd4 $2 (26. cxd4 $16 Kxh6 27. dxc5 (27. Nxe5 Rg5 $11) (27. dxe5 Qb7 $16)) 26... exd4 $11 27. Qd2 {aiming for Rh4.} Qe8 (27... Re4 $1 $11 {keeps the balance.}) 28. Rh4 $16 (28. cxd4 $2 Re2 $19) 28... Rh5 {[#]} (28... Rf6 $16 {was worth a try.} 29. cxd4 Re2) 29. Rxh5 $2 ({Weaker is} 29. cxd4 Rxh4 30. Qg5+ (30. gxh4 Kh8 $11) 30... Kf8 $16) (29. Rg4+ $1 $18 Kh8 30. Rf1 (30. cxd4 Re2 $16)) 29... Qxh5 $11 30. Re1 Rxe1+ 31. Qxe1 {Threatening cxd4. KQ-KQ} d3 (31... Qd5 $1 $11 {remains equal.}) 32. Qe7+ $16 Qf7 {[#]} 33. Qe5+ (33. Qxf7+ $1 $16 Kxf7 34. Kf1) 33... Kg8 $1 $11 {The position is equal.} 34. Qg5+ Kh7 35. Qh4+ Kg7 $1 36. Qg4+ {Accuracy: White = 44%, Black = 25%.} 1/2-1/2

[Event "18th Prague Open-A 2019"]
[Site "Prague"]
[Date "2019.01.12"]
[Round "2"]
[White "Postny, Evgeny"]
[Black "Yakimenko, Alexander A."]
[Result "1-0"]
[WhiteElo "2623"]
[BlackElo "2233"]
[Annotator "TA"]
[PlyCount "81"]
[EventDate "2019.01.11"]
[EventType "swiss"]
[EventCountry "CZE"]
[SourceTitle "playchess.com"]
[Source "ChessBase"]
[SourceQuality "1"]

{[%evp 14,81,52,27,58,51,61,62,66,53,48,61,52,37,37,35,42,33,17,32,54,32,50,24,54,50,58,41,101,100,92,92,102,101,106,105,98,97,100,90,100,106,104,77,90,84,51,-11,-3,0,206,206,189,191,208,106,206,206,206,206,906,922,1023,991,29996,29997,29997,29998,29998,29999]} 1. d4 e6 2. c4 f5 3. g3 Nf6 4. Bg2 Be7 5. Nh3 c6 6. O-O {A91: Classical Dutch: Early Deviations} O-O (6... d6 7. Nc3 O-O 8. d5 e5 9. dxc6 bxc6 10. b4 Be6 11. b5 e4 12. Qa4 cxb5 13. cxb5 Nbd7 14. Ng5 Nb6 15. Nxe6 Nxa4 16. Nxd8 Nxc3 {1-0 (82) Morozevich,A (2739)-Kovalenko,I (2644) Moscow 2013}) 7. b3 d5 8. Nd2 {LiveBook: 5 Games. White is slightly better.} Qe8 9. Nf3 Ne4 $146 ({Predecessor:} 9... h6 10. Ne5 Nbd7 11. Nd3 g5 12. f3 Qg6 13. Qc2 Bd6 {0-1 (41) Pill,B-Schlotmann,R Germany 1995}) 10. Nf4 Bd6 11. Nd3 b6 12. Qc2 Bb7 13. Bf4 Bxf4 14. Nxf4 Nd7 15. Rfd1 Rc8 16. Qb2 Qe7 17. Rac1 Rfe8 18. e3 a5 19. a3 Qf6 20. Bf1 Kh8 (20... g5 $14) 21. b4 $16 axb4 22. axb4 ({Reject} 22. Qxb4 $6 dxc4 23. Bxc4 g5 $14) 22... Ra8 23. Nd3 Qe7 24. Nfe5 Nxe5 25. Nxe5 Rec8 26. Rc2 Ra4 27. cxd5 exd5 28. Rb1 Qe8 29. Rbc1 Rca8 30. Nxc6 (30. Bd3 $14) 30... Ra2 $1 $11 {[%cal Ra2b2]} 31. Qb3 $1 Rxc2 $2 {[#]} (31... R8a3 $11 32. Qxd5 Rxc2 33. Rxc2 Rc3 34. Rxc3 Nxc3 35. Qxf5 Bxc6) 32. Qxc2 $18 Rc8 {[%cal Rc8c6]} 33. b5 Nd6 34. Qb1 (34. Qa4 $18) 34... g6 (34... Bxc6 $16 35. bxc6 (35. Rxc6 Rxc6 36. bxc6 Qxc6 $16) 35... Rxc6) 35. Ne5 Rxc1 36. Qxc1 Qc8 $2 (36... Qe7 37. Bg2 Ne8) 37. Qa3 Ne4 38. Qe7 {[#] White wants to mate with Nf7+.} Ba8 39. Nf7+ {White mates.} Kg8 40. Nh6+ Kh8 41. Qe5+ {Precision: White = 59%, Black = 41%.} 1-0

[Event "18th Prague Open-A 2019"]
[Site "Prague"]
[Date "2019.01.12"]
[Round "2"]
[White "Frolov, Artur"]
[Black "Starek, Stanislav"]
[Result "1-0"]
[WhiteElo "2430"]
[BlackElo "2221"]
[Annotator "TA"]
[PlyCount "101"]
[EventDate "2019.01.11"]
[EventType "swiss"]
[EventCountry "CZE"]
[SourceTitle "playchess.com"]
[Source "ChessBase"]
[SourceQuality "1"]

{[%evp 19,101,86,154,135,128,128,114,117,150,154,209,210,208,149,154,152,219,216,212,204,208,133,140,138,130,142,133,129,181,186,177,176,163,168,187,182,221,221,221,221,221,221,221,221,221,221,221,221,183,164,941,922,940,942,945,949,1100,931,924,949,952,946,952,942,1049,917,922,916,923,913,947,898,949,771,764,764,1687,612,29976,29977,29976,29977,29973,5627]} 1. e4 c5 2. Nf3 Nc6 3. d4 cxd4 4. Nxd4 Nf6 5. Nc3 g6 6. Nxc6 bxc6 7. e5 Ng8 8. Bc4 Qa5 9. Bf4 Bg7 10. Qf3 {B34: Sicilian: Accelerated Dragon with 5 Nc3: sidelines} (10. O-O Bxe5 11. Bxe5 Qxe5 12. Re1 Qf5 13. Qd4 Qf6 14. Qc5 Kf8 15. Re3 d5 16. Rf3 Bf5 17. Ba6 Rb8 18. g4 {0-1 (38) De Jong,M (2345)-Bu,X (2707) Vlissingen 2014}) 10... e6 {LiveBook: 5 Games} ({Black should play} 10... Nh6) 11. O-O Bxe5 12. b4 {White is better.} Qc7 {[#]} 13. Nb5 $1 {[%mdl 512]} cxb5 14. Bxe5 Qxe5 (14... Qc6 $16) 15. Qxa8 $18 {[%mdl 64] Double Attack} Ne7 16. Rfe1 Qd4 $146 ({Predecessor:} 16... Qc7 17. Bxb5 O-O {1-0 (41) Zhigalko,A (2537)-Kot,J (2271) Warsaw 2005}) 17. Bxb5 {Threatens to win with Rad1.} Qb6 (17... Qxb4 $16 18. Rab1 Qc5) 18. a4 {[%cal Ba2a4,Ba4a5][%mdl 32]} O-O 19. Qe4 Nd5 20. a5 Qxb5 21. c4 {[%mdl 64] Double Attack} Qxb4 {...Ne7 is the strong threat.} 22. cxd5 Qxe4 23. Rxe4 $16 {[%mdl 4096] Endgame KRR-KRB} Bb7 (23... Ba6 $16) 24. Rc4 $1 $18 Bxd5 25. Rc7 $1 {[%csl LRa7,LRd7][%mdl 64] Double Attack} a6 26. Rxd7 Rc8 27. Rd6 Bc4 28. Rc1 Rb8 29. Rc6 Bb5 30. Rc8+ Rxc8 31. Rxc8+ {KR-KB} Kg7 32. f4 Kf6 33. Rc7 h6 34. h4 {[%cal Bh2h4,Bh4g5][%mdl 32]} g5 $2 (34... h5 35. Kf2 Bd3) 35. fxg5+ hxg5 36. hxg5+ Kg6 37. Kf2 Be8 38. Rc5 Ba4 39. Ke3 Be8 40. Kf4 Ba4 41. g3 Be8 42. Rc8 Bb5 43. Rb8 Bc4 44. Rh8 Kg7 45. Rh6 Bf1 46. Ke5 Bd3 47. Rf6 Bc4 {[#]} 48. g4 (48. g6 $142 $1 fxg6 49. Rxe6) 48... Be2 {[#]} 49. g6 $1 {White mates.} fxg6 50. g5 Bc4 51. Rxe6 {Accuracy: White = 78%, Black = 42%.} 1-0

[Event "18th Prague Open-A 2019"]
[Site "Prague"]
[Date "2019.01.12"]
[Round "2"]
[White "Plischki, Sebastian"]
[Black "Chudinovskikh, Alexander M"]
[Result "1/2-1/2"]
[WhiteElo "2426"]
[BlackElo "2184"]
[Annotator "TA"]
[PlyCount "97"]
[EventDate "2019.01.11"]
[EventType "swiss"]
[EventCountry "CZE"]
[SourceTitle "playchess.com"]
[Source "ChessBase"]
[SourceQuality "1"]

{[%evp 19,97,23,41,24,12,-14,-12,-25,20,16,49,0,0,0,0,0,0,0,0,-10,-7,-12,0,-15,-15,-16,-17,-57,-56,-57,-57,-60,-58,-57,-56,-59,-58,-66,-60,-60,-60,-65,-60,-76,-60,-60,-28,-41,-40,-37,-25,-43,-43,-58,-57,-55,-52,-71,-38,-38,-38,-38,-38,-232,-219,-219,-193,-239,-219,-318,-318,-318,-318,-318,-318,-318,-318,-318,-318,-318]} 1. d4 Nf6 2. c4 e6 3. Nc3 Bb4 4. Nf3 c5 5. g3 cxd4 6. Nxd4 O-O 7. Bg2 d5 8. cxd5 Nxd5 9. Qb3 Na6 10. O-O {E20: Nimzo-Indian: 4 g3 and 4 f3} Nc5 {LiveBook: 5 Games} (10... Nxc3 11. bxc3 Bc5 12. Rd1 Qe7 13. Rb1 Rb8 14. Nb5 b6 15. Qa4 Bb7 16. Bf4 Rbd8 17. Bxb7 Qxb7 {1-0 (43) Gelfand,B (2733)-Jakovenko,D (2753) Odessa 2009}) 11. Qc4 {[%cal Rc3d5]} Bxc3 12. bxc3 {The position is equal.} (12. Qxc5 $5 {[%cal Rb2c3]} b6 13. Qc4 $11) 12... b6 13. Nc6 Qf6 $146 ({Predecessor:} 13... Qe8 14. Nb4 Bb7 15. Re1 Qa4 16. Bb2 a5 17. Qd4 Rfd8 18. Nxd5 exd5 {1-0 (66) Atalik,S (2535)-Tzoumbas,A (2415) Peristeri 1994}) 14. Qd4 Ba6 15. Bxd5 exd5 16. Qxf6 gxf6 17. Ne7+ Kg7 18. Re1 Rfe8 19. Nxd5 {[#] aiming for Nc7.} Rxe2 20. Be3 {Threatens to win with Bxc5.} Rd8 $36 {[%mdl 2048] Black has the initiative.} 21. Nf4 (21. Ne7 {is interesting.} Rxe1+ 22. Rxe1 Bc4 23. Nf5+ Kg6 24. Nh4+) 21... Rxe1+ 22. Rxe1 Ne6 23. Nxe6+ fxe6 $11 {[%mdl 4096] Endgame KRB-KRB} 24. g4 Kf7 25. Kg2 Rd3 26. Rc1 Bc4 27. a3 e5 28. Kf3 Ke6 29. h3 Rd5 30. Kg3 Ra5 31. Ra1 Ra4 32. f4 exf4+ 33. Kxf4 Ba2+ 34. Bd4 Rxa3 35. Ke3 Ra5 36. Kd2 f5 37. gxf5+ Kxf5 38. Kc1 Kg5 39. Kb2 Be6 {Hoping for ...Rxa1.} 40. Rxa5+ bxa5 {[%cal Bb6a5,Ba5a4][%mdl 32]} 41. Bxa7 $2 (41. Ka3 $1 $15) 41... Bxh3 $15 {KB-KB} 42. Bb6 {[#]} a4 $1 43. c4 Bd7 44. c5 (44. Be3+ $142 Kf5 45. c5) 44... h5 $19 {Black has a decisive advantage.} 45. Ka1 Kg4 46. Bd8 h4 47. Bxh4 Kxh4 48. c6 Bxc6 49. Kb2 {[%mdl 32768] Precision: White = 51%, Black = 79%. . An unexpected result.} 1/2-1/2

[Event "18th Prague Open-A 2019"]
[Site "Prague"]
[Date "2019.01.12"]
[Round "2"]
[White "Spiess, Gunter"]
[Black "Barrish, Daniel"]
[Result "1/2-1/2"]
[WhiteElo "2414"]
[BlackElo "2166"]
[Annotator "TA"]
[PlyCount "53"]
[EventDate "2019.01.11"]
[EventType "swiss"]
[EventCountry "CZE"]
[SourceTitle "playchess.com"]
[Source "ChessBase"]
[SourceQuality "1"]

{[%evp 19,53,21,25,8,8,0,0,12,12,9,11,0,0,0,0,-15,-22,-39,9,17,4,0,0,0,0,0,0,0,0,0,0,0,0,0,0,-3]} 1. Nf3 d5 2. d4 Nf6 3. c4 e6 4. g3 Bb4+ 5. Bd2 Bd6 (5... Be7 6. Bg2 O-O 7. O-O Nbd7 8. Nc3 c6 9. Bf4 dxc4 10. e4 Re8 11. a4 b6 12. d5 exd5 13. exd5 Bb7 14. a5 bxa5 15. d6 Bf8 16. Nd2 Nd5 17. Nxd5 cxd5 18. Nxc4 dxc4 19. Bxb7 {½-½ (42) Nakamura,H (2777)-Karjakin,S (2773) Saint Louis 2018}) 6. Bg2 {E01: Catalan: Early deviations} c6 7. O-O O-O 8. b3 Ne4 9. Bc1 Qe7 10. Bb2 Nd7 {LiveBook: 5 Games} 11. Qc2 f5 12. Ne5 Nxe5 13. dxe5 {[#]} Bc5 $146 14. e3 b5 15. Rc1 {[#] Black must now prevent cxb5.} bxc4 16. bxc4 Rb8 17. Nc3 Ba6 18. Bf1 Nxc3 ({But not} 18... dxc4 $6 19. Nxe4 fxe4 20. Bc3 $14) (18... Qg5 $5 {[%cal Re4f2]} 19. cxd5 Bxf1 20. Nxe4 fxe4 21. Rxf1 cxd5 $15) 19. Bxc3 {cxd5 is the strong threat.The position is equal.} dxc4 20. Rd1 Rfd8 21. Bd4 Bxd4 22. exd4 c5 23. Bxc4 Bxc4 24. Qxc4 cxd4 25. Rxd4 Rxd4 26. Qxd4 Rd8 27. Qc3 {Precision: White = 56%, Black = 81%.} 1/2-1/2

[Event "18th Prague Open-A 2019"]
[Site "Prague"]
[Date "2019.01.12"]
[Round "2"]
[White "Roeder, Matthias"]
[Black "Laverton, Christian"]
[Result "1/2-1/2"]
[WhiteElo "2396"]
[BlackElo "2147"]
[Annotator "TA"]
[PlyCount "53"]
[EventDate "2019.01.11"]
[EventType "swiss"]
[EventCountry "CZE"]
[SourceTitle "playchess.com"]
[Source "ChessBase"]
[SourceQuality "1"]

{[%evp 23,53,16,29,0,0,-39,0,-16,0,0,0,-4,0,-14,-11,-29,25,-18,14,-4,0,0,0,0,6,-14,-9,-13,-22,-57,-13,-67]} 1. Nf3 d5 2. g3 Nf6 3. Bg2 c6 4. O-O Bf5 5. d3 e6 6. b3 Bd6 7. Bb2 O-O 8. Nbd2 h6 9. Qe1 Bh7 10. e4 Be7 11. Qe2 a5 12. a3 {A07: Réti Opening: New York and Capablanca Systems} Na6 {LiveBook: 4 Games} (12... c5 13. Rfe1 a4 14. exd5 Nxd5 15. Ne5 axb3 16. Nxb3 Ra6 17. c4 Nf6 18. d4 cxd4 19. Nxd4 Qc8 {½-½ (57) Indjic,A (2540)-Nabaty,T (2579) Belgrade 2013}) 13. e5 Nd7 14. Ne1 $146 ({Predecessor:} 14. Nd4 a4 15. b4 c5 16. bxc5 Bxc5 17. Rab1 {½-½ (27) Heim,S (2400)-Madsen,D (2265) Norway 1997}) 14... Qb6 15. a4 Nb4 16. Kh1 c5 17. f4 Qa6 18. h4 Rad8 19. Rf3 d4 ({Better is} 19... Nc6) 20. Bh3 Qc6 21. Kh2 Nb6 22. Nc4 Nxc4 23. bxc4 Rde8 24. c3 dxc3 25. Bxc3 Rd8 26. f5 exf5 27. Bxf5 {Accuracy: White = 28%, Black = 46%.} (27. Ng2 $11) 1/2-1/2

[Event "18th Prague Open-A 2019"]
[Site "Prague"]
[Date "2019.01.12"]
[Round "2"]
[White "Zhang, Ziji"]
[Black "Riha, Vojtech"]
[Result "1-0"]
[WhiteElo "2387"]
[BlackElo "2145"]
[Annotator "TA"]
[PlyCount "75"]
[EventDate "2019.01.11"]
[EventType "swiss"]
[EventCountry "CZE"]
[SourceTitle "playchess.com"]
[Source "ChessBase"]
[SourceQuality "1"]

{[%evp 16,75,79,52,63,48,48,47,61,58,130,130,130,130,133,139,160,170,222,204,204,214,174,151,162,158,197,202,213,203,260,262,250,189,239,243,266,266,539,531,569,406,395,427,448,145,455,456,452,449,433,421,464,464,446,432,2213,2197,1741,1675,1345,1266]} 1. d4 Nf6 2. c4 g6 3. Nc3 Bg7 4. Nf3 O-O 5. g3 d6 6. Bg2 c6 7. O-O Qa5 8. e4 Qh5 9. Ng5 {LiveBook: 64 Games} e5 {E62: King's Indian: Fianchetto: 6...c6 and Panno Variation (6...Nc6) without ...a6} (9... Qxd1 10. Rxd1 e5 11. d5 h6 12. Nf3 cxd5 13. cxd5 Bd7 14. Nd2 Rc8 15. Bf1 Bf8 16. f3 Na6 17. Nc4 Nb4 18. Ne3 {½-½ (50) Leko,P (2734)-Mamedyarov,S (2761) Dortmund 2010}) 10. Qxh5 Nxh5 11. d5 h6 {White is slightly better.} 12. Nf3 f5 $146 (12... Nf6 $14) ({Predecessor:} 12... Nf6 13. dxc6 bxc6 14. Rd1 Ne8 15. c5 dxc5 16. Be3 Na6 17. Na4 {1-0 (43) Mednis,E (2460)-Digamo,C Manila 1991}) 13. Nh4 $16 Kh7 14. exf5 gxf5 15. Rd1 e4 16. f3 {[%cal Bf2f3,Bf3e4][%mdl 32]} Be5 (16... Bf6 {was called for.} 17. Kh1 (17. fxe4 f4 $16) 17... c5 18. fxe4 f4) 17. fxe4 $18 f4 18. Bf3 Ng7 19. Ne2 {[%cal Rg3f4]} fxg3 20. hxg3 {[%cal Bh2g3,Bg3g4][%mdl 32]} c5 21. Kg2 Nd7 22. Rh1 Nb6 23. g4 Nxc4 24. Nf5 h5 25. Nf4 Bxf5 26. gxf5 ({Not} 26. exf5 Bxf4 27. Bxf4 Rae8 $16) 26... Nxb2 $2 (26... Rg8 {might work better.} 27. Kf1 (27. Nxh5 Nxh5+ 28. Kf1 Kg7 $16) 27... Rh8) 27. Rb1 Nc4 28. Rxb7 Rab8 {[#]} 29. Bxh5 $1 {[%mdl 512]} Rxb7 30. Bf7+ $1 Nh5 31. Rxh5+ {White is clearly winning.} Kg7 {Strongly threatening ...Bxf4.} 32. Ne6+ {[%mdl 64] Double Attack} Kxf7 33. Rh7+ Kg8 34. Rxb7 Ra8 35. Bg5 Na5 (35... Bh8 $142 36. f6 Ne5) 36. Rc7 {[#] White threatens f6 and mate.} Rb8 37. f6 Rb2+ 38. Kf3 {Accuracy: White = 91%, Black = 28%.} 1-0

[Event "18th Prague Open-A 2019"]
[Site "Prague"]
[Date "2019.01.12"]
[Round "2"]
[White "Vokac, Marek"]
[Black "Haase, Pavel"]
[Result "0-1"]
[WhiteElo "2380"]
[BlackElo "2141"]
[Annotator "TA"]
[PlyCount "96"]
[EventDate "2019.01.11"]
[EventType "swiss"]
[EventCountry "CZE"]
[SourceTitle "playchess.com"]
[Source "ChessBase"]
[SourceQuality "1"]

{[%evp 18,96,7,12,45,2,-4,-11,79,77,75,73,71,47,43,0,14,8,8,0,0,-32,-33,-27,0,-30,-25,-36,-22,-31,-25,-30,-27,-24,-27,-40,-36,-52,-4,-8,-10,-38,-32,-111,-113,-116,-106,-135,-135,-280,-268,-358,-364,-325,-347,-322,-302,-370,-139,-125,-117,-118,-108,-113,-133,-129,-133,-258,-86,-307,-270,-29989,-29988,-29988,-29989,-29989,-29990,-29998,-29996,-29999,-29999]} 1. Nf3 Nf6 2. b3 c5 3. Bb2 d5 4. e3 Nc6 5. Bb5 e6 6. Ne5 Bd7 7. Bxc6 Bxc6 8. O-O Bd6 9. f4 Rc8 10. d3 b5 {A03: Bird's Opening with 1...d5} (10... O-O 11. Nd2 Be8 12. Qe2 Nd7 13. Nxd7 Qxd7 14. a4 f6 15. e4 Be7 16. Kh1 Bg6 17. Qf3 Bd8 18. Rf2 {½-½ (48) Schiendorfer,R (2391)-Degerhammar,R (2448) ICCF email 2012}) 11. Nd2 Ba8 12. a4 c4 $146 {[#]} (12... b4 $11) ({Predecessor:} 12... a6 13. axb5 axb5 14. Ndf3 h6 15. Qe1 O-O {½-½ (15) Milinkovic,N (2071)-Lindner,M (2056) Velenje 2006}) 13. Bd4 $1 $16 ({Much worse is} 13. axb5 c3 $15) 13... cxd3 14. cxd3 bxa4 15. Rxa4 a5 16. Ndf3 O-O 17. Qa1 Bb4 18. Ra2 Ne8 19. Rc1 f6 20. Ng4 $1 Nd6 21. Rac2 Rxc2 22. Rxc2 Nb5 23. Bc5 Bxc5 24. Rxc5 Qb6 $36 {[%mdl 2048] Black has some pressure.} 25. d4 Bc6 26. Nf2 Ra8 27. Rc2 a4 28. bxa4 Nd6 29. Ra2 Qb3 30. a5 ({White should try} 30. Nd1 $15) 30... Qxe3 $17 31. Ra3 Qxf4 32. a6 Nc4 33. Rb3 {[#]} (33. Ra2 $17) 33... Rxa6 $1 $19 {[%mdl 576] Deflection} 34. Qxa6 Qc1+ 35. Nd1 Qxd1+ {[%mdl 64] Double Attack} 36. Kf2 Qxb3 37. Qxc6 {[%cal Rc6e8]} Qb2+ $2 (37... Qe3+ $19 {has better winning chances.} 38. Kg3 h6) 38. Kg3 $17 {[%cal Rc6e8]} Qb8+ 39. Kh3 Nd6 {And now ...h5 would win.} 40. Qd7 Ne4 {( -> ...Nf2+)} 41. Qxe6+ Kf8 42. g3 (42. Qd7 $17) 42... Qb5 $2 (42... Qb7 $19 43. Kg4 g6) 43. Kh4 $2 (43. Qc8+ $17 {is the only way for White.} Ke7 44. Qc7+ Qd7+ 45. Qxd7+ Kxd7 46. Ne1) 43... g6 $19 {aiming for ...Qe2.} 44. g4 $2 (44. Qc8+ $19 Kg7 45. Qd8) 44... Qe2 {Black mates.} 45. Qc8+ Kg7 46. Qc7+ Kh6 47. Ng1 Qf2+ 48. Kh3 Qf1+ {Accuracy: White = 33%, Black = 52%.} 0-1